America in school and college, (Record no. 21382)

MARC details
000 -LEADER
fixed length control field 00768cam a22002291i 4500
001 - CONTROL NUMBER
control field e 34000297
003 - CONTROL NUMBER IDENTIFIER
control field DLC
005 - DATE AND TIME OF LATEST TRANSACTION
control field 20260227111224.0
008 - FIXED-LENGTH DATA ELEMENTS--GENERAL INFORMATION
fixed length control field 780201s1933 stkc 001 0 eng c
010 ## - LIBRARY OF CONGRESS CONTROL NUMBER
LC control number e 34000297
035 ## - SYSTEM CONTROL NUMBER
System control number (OCoLC)3595269
040 ## - CATALOGING SOURCE
Original cataloging agency Library, U.S. Office of Education
Transcribing agency DNIE
Modifying agency DLC
050 00 - LIBRARY OF CONGRESS CALL NUMBER
Classification number LA210
Item number .B65
100 1# - MAIN ENTRY--PERSONAL NAME
Personal name Boyd, William,
Dates associated with a name 1874-1962.
245 10 - TITLE STATEMENT
Title America in school and college,
Statement of responsibility, etc. by William Boyd...
260 ## - PUBLICATION, DISTRIBUTION, ETC.
Place of publication, distribution, etc. Edinburgh,
Name of publisher, distributor, etc. The Educational institute of Scotland
Date of publication, distribution, etc. [1933]
300 ## - PHYSICAL DESCRIPTION
Extent 2 p. l., xiii, [1], 240, iii p.
Other physical details front. (port.)
Dimensions 18 1/2 cm.
500 ## - GENERAL NOTE
General note "Canadian education": p. 218-232.
504 ## - BIBLIOGRAPHY, ETC. NOTE
Bibliography, etc. note "A bibliographical note": p. 239-240.
650 #0 - SUBJECT ADDED ENTRY--TOPICAL TERM
Topical term or geographic name entry element Education
Geographic subdivision United States.
650 #0 - SUBJECT ADDED ENTRY--TOPICAL TERM
Topical term or geographic name entry element Education
Geographic subdivision Canada.

No items available.

Powered by Koha